000 00939nam a2200217 i 4500
001 164408
003 ES-MaACL
005 20251122063135.0
008 991105s1864 sp |||| | spa d
080 _a355.49(460)"12/14"
100 1 _aSalas, Francisco Javier de,
_d1832-1890
_9151213
245 1 0 _aMarina española de la Edad Media :
_bbosquejo histórico de sus principales sucesos en relación con la historia de las coronas de Aragón y Castilla /
_cpor F. Javier de Salas.
260 _aMadrid :
_b[s.n.],
_c1864 (
_fEstab. Tip. de T. Fortanet)
300 _a1 v. (564 p.) ;
_c25 cm.
530 _aDisponible en formato digital.
651 4 _aAragón (Reino)-
_xHistoria naval.
_9151214
651 4 _aCastilla (Reino)-
_xHistoria naval.
_9150770
852 4 _aES-MaACL
_jC-1743
_z- Enc. pasta
856 4 _uhttp://bdh-rd.bne.es/viewer.vm?id=0000000766&page=1
_zBiblioteca Digital Hispánica
999 _c164408
_d164408